Ḥelḳat Yaʻaḳov : (Record no. 32780)

MARC details
000 -LEADER
fixed length control field 00652cam a22002171i 4500
001 - CONTROL NUMBER
control field he 67002346
003 - CONTROL NUMBER IDENTIFIER
control field DLC
005 - DATE AND TIME OF LATEST TRANSACTION
control field 20260227111451.0
008 - FIXED-LENGTH DATA ELEMENTS--GENERAL INFORMATION
fixed length control field 880303m19501965is 000 0 heb
010 ## - LIBRARY OF CONGRESS CONTROL NUMBER
LC control number he 67002346
035 ## - SYSTEM CONTROL NUMBER
System control number (OCoLC)19181649
040 ## - CATALOGING SOURCE
Original cataloging agency DLC
Transcribing agency MH
Modifying agency CU
-- DLC
042 ## - AUTHENTICATION CODE
Authentication code premarc
050 00 - LIBRARY OF CONGRESS CALL NUMBER
Classification number BM522.26
Item number .R4
100 1# - MAIN ENTRY--PERSONAL NAME
Personal name Breisch, Mordecai Jacob.
245 10 - TITLE STATEMENT
Title Ḥelḳat Yaʻaḳov :
Remainder of title sheʼelot u-teshuvot be-4 ḥelḳe ha-Shulḥan ʻarukh ...
260 ## - PUBLICATION, DISTRIBUTION, ETC.
Place of publication, distribution, etc. Yerushalayim :
Name of publisher, distributor, etc. Hotsaʼat Maḥaziḳe ha-dat,
Date of publication, distribution, etc. 711-726 [1950 or 1951-1965 or 1966].
300 ## - PHYSICAL DESCRIPTION
Extent 3 v. ;
Dimensions 34-38 cm.
650 #0 - SUBJECT ADDED ENTRY--TOPICAL TERM
Topical term or geographic name entry element Responsa.
650 #0 - SUBJECT ADDED ENTRY--TOPICAL TERM
Topical term or geographic name entry element Eruv.

No items available.

Powered by Koha